Real Madryt 2024/2025 - Statystyki

Ogólne statystyki
  • Ten quiz został rozwiązany 379 razy
    280 od ostatniego zresetowania
  • Średni wynik to 8 z 11
Statystyki odpowiedzi
Pozycja Zawodnik % Poprawnych
Środkowy napastnik Kylian Mbappe
90%
Środkowy obrońca Antonio Rüdiger
85%
Prawy skrzydłowy Rodrygo
83%
Lewy skrzydłowy Vinicius Junior
80%
Bramkarz Thibaut Courtouis
77%
Środkowy pomocnik Jude Bellingham
74%
Lewy obrońca Ferland Mendy
73%
Środkowy pomocnik Federico Valverde
71%
Defensywny pomocnik Eduardo Camavinga
63%
Środkowy obrońca Raul Asencio
54%
Prawy obrońca Lucas Vazquez
44%
Nie znaleziono quizów pasujących do podanych kryteriów
Rozkład punktacji
Procent ludzi z każdym wynikiem
Percentyl według liczby udzielonych odpowiedzi
Twoja historia wyników
Nie rozwiązałeś tego quizu od ostatniego zresetowania